Guess Cities by Their Latin Names - Statistics

General Stats
  • This quiz has been taken 28 times
  • The average score is 20 of 28
Answer Stats
Latin Name English Name % Correct
Londinium London
100%
Praga Prague
100%
Bonus Aër Buenos Aires
96%
Cairus Cairo
96%
Melburnia Melbourne
96%
Moscua Moscow
96%
Roterodamum Rotterdam
96%
Tokium Tokyo
96%
Ancyra Ankara
88%
Hongcongum Hong Kong
88%
Miamia Miami
88%
Berolinum Berlin
84%
Varsovia Warsaw
84%
Dellium Delhi
80%
Angelopolis Los Angeles
80%
Novum Eboracum New York
80%
Bancocum Bangkok
68%
Lutetia Paris
68%
Seulum Seoul
68%
Paulopolis São Paulo
56%
Mediolanum Milan
52%
Berytus Beirut
48%
Monachium Munich
48%
Pechinum Beijing
44%
Vindobona Vienna
44%
Mons Regius Montreal
28%
Hierosolyma Jerusalem
20%
Turicum Zürich
12%
No matching quizzes found
Score Distribution
Percent of People with Each Score
Percentile by Number Answered
Your Score History
You have not taken this quiz